Mo Mường T.1 Mo Mường

Zapisane w:
Opis bibliograficzny
1. autor: Bùi Văn Nợi
Format: Książka
Język:Vietnamese
Wydane: H. Văn hoá dân tộc 2012
Hasła przedmiotowe:
Etykiety: Dodaj etykietę
Nie ma etykietki, Dołącz pierwszą etykiete!
Thư viện lưu trữ: Mạng thư viện Đại học Đà Nẵng
LEADER 01433aam a22003858a 4500
001 000018140
003 14567
005 20130910150903.0
008 130910s2012 viesd
020 |d 2000b 
041 0 |a vie 
082 1 4 |2 14  |a 398.209597  |b BU-N 
100 1 |a Bùi Văn Nợi 
245 1 0 |a Mo Mường  |c Bùi Văn Nợi s.t., biên dịch, giới thiệu  |n T.1  |p Mo Mường 
260 |a H.  |b Văn hoá dân tộc  |c 2012 
300 |a 759 tr.  |b bảng  |c 21 cm. 
500 |a ĐTTS ghi: Hội Văn nghệ dân gian Việt Nam 
546 |a Chính văn bằng 2 thứ tiếng: Việt - Mường 
650 7 |2 Bộ TK TVQG  |a Dân tộc Mường 
650 7 |2 Bộ TK TVQG  |a Văn học dân gian 
651 7 |2 Bộ TK TVQG  |a Việt Nam 
653 |a Mo mường 
655 7 |2 Bộ TK TVQG  |a Sử thi 
773 |a Bùi Văn Nợi  |d Văn hoá dân tộc  |d H.  |d 2012  |t Mo Mường  |w 487877 
773 |d Nxb. Văn hóa dân tộc  |d H  |d 2012  |t Mo Mường  |w 12647 
OWN |a LSP 
AVA |a UDN50  |b LSP  |d 398.209597 BU-N  |e available  |t Error 5001 Not defined in file expand_doc_bib_avail.  |f 1  |g 0  |h N  |i 0  |k 1 
999 |a From the UDN01 
AVA |a UDN50  |b LSP  |d 398.209597 BU-N  |e available  |t Error 5001 Not defined in file expand_doc_bib_avail.  |f 1  |g 0  |h N  |i 0  |k 1 
TYP |a Monograph 
TYP |a Printed language 
980 |a Mạng thư viện Đại học Đà Nẵng